LEADER 02895nam 2200685 a 450 001 9910464148303321 005 20200520144314.0 010 $a1-280-12586-1 010 $a9786613529725 010 $a0-87421-867-5 035 $a(CKB)3170000000046427 035 $a(EBL)862088 035 $a(OCoLC)819594582 035 $a(SSID)ssj0000601834 035 $a(PQKBManifestationID)11382606 035 $a(PQKBTitleCode)TC0000601834 035 $a(PQKBWorkID)10569120 035 $a(PQKB)11626157 035 $a(MiAaPQ)EBC3442882 035 $a(OCoLC)777401260 035 $a(MdBmJHUP)muse15309 035 $a(MiAaPQ)EBC862088 035 $a(Au-PeEL)EBL3442882 035 $a(CaPaEBR)ebr10538048 035 $a(CaONFJC)MIL352972 035 $a(OCoLC)932313645 035 $a(Au-PeEL)EBL862088 035 $a(CaPaEBR)ebr11217618 035 $a(EXLCZ)993170000000046427 100 $a20110728d2012 uy 0 101 0 $aeng 135 $aur|n|---||||| 181 $ctxt 182 $cc 183 $acr 200 12$aA teaching subject$b[electronic resource] $ecomposition since 1966 /$fJoseph Harris 205 $aNew ed. 210 $aLogan, Utah $cUtah State University Press$d2012 215 $a1 online resource (211 p.) 300 $aDescription based upon print version of record. 311 $a0-87421-866-7 320 $aIncludes bibliographical references and index. 327 $aContents; Acknowledgments; Preface to New Edition; Foreword(s): Research and Teaching; 1. Growth; Postscript, 2012: Students as Writers; Interchapter; 2. Voice; Postscript, 2012: Intensive Academic Writing; Interchapter; 3. Process; Postscript, 2012: Track Changes; Interchapter; 4. Error; Postscript, 2012: Difference as a Resource; Interchapter; 5. Community; Postscript, 2012: From the Social to the Material; Afterword(s): Contact and Negotiation; Coda, 2012: From Dartmouth to New London; References; Index; About the Author 330 $a"Reviewing the last 50 years of the development of writing studies as a discipline through five key ideas, Harris unfolds a set of issues and tensions that continue to shape the teaching of writing today"-- Provided by publisher. 606 $aEnglish language$xComposition and exercises$xStudy and teaching 606 $aEnglish language$xRhetoric$xStudy and teaching 606 $aReport writing$xStudy and teaching 608 $aElectronic books. 615 0$aEnglish language$xComposition and exercises$xStudy and teaching. 615 0$aEnglish language$xRhetoric$xStudy and teaching. 615 0$aReport writing$xStudy and teaching. 676 $a808/.042071 700 $aHarris$b Joseph$g(Joseph D.)$0349615 801 0$bMiAaPQ 801 1$bMiAaPQ 801 2$bMiAaPQ 906 $aBOOK 912 $a9910464148303321 996 $aA teaching subject$92480536 997 $aUNINA LEADER 01280nam0 22003131i 450 001 UON00248730 005 20231205103621.883 010 $a28-458-6245-8 100 $a20040127d2002 |0itac50 ba 101 $afre 102 $aFR 105 $a|||| ||||| 200 1 $aˆLe ‰Nord-Cameroun …à travers ses mots$edictionnaire de termes anciens et modernes$fChristian Seignobos et Henry Tourneux 210 $aParis$cKarthala ; IRD Editions$dc2002 215 $a334 p.$d25 cm 410 1$1001UON00067359$12001 $aDictionnaires et langues$fCollection dirigée par Henry Tourneux 606 $aLINGUE AFRICANE$xStudi$3UONC018640$2FI 620 $aFR$dParis$3UONL002984 676 $a496$cLINGUE AFRICANE$v21 700 1$aSEIGNOBOS$bChristian$3UONV011491$0660198 701 1$aTOURNEUX$bHenry$3UONV011506$0465044 712 $aIRD Editions$3UONV270060$4650 712 $aKarthala$3UONV251150$4650 801 $aIT$bSOL$c20240220$gRICA 899 $aSIBA - SISTEMA BIBLIOTECARIO DI ATENEO$2UONSI 912 $aUON00248730 950 $aSIBA - SISTEMA BIBLIOTECARIO DI ATENEO$dSI A Afr LING 253 $eSI AA 26271 5 253 996 $aNord-Cameroun …à travers ses mots$91235485 997 $aUNIOR